1521 1618 1914 1059 1933 1159 1662 1986 1432 1829 1113 1831 1311 1499 1091 1316 1516 1918 1954 1320 1297 1531 1086 1116 1826 1737 1469 1274 1237 1757 1072 1941 1006 1017 1835 1846 1817 1090 1893 1421 1152 1658 1726 1402 1705 1291 1232 1364 1090 1198 1719 1057 1421 1439 1356 1032 1018 1130 1622 1708 1691 1102 1231 1161 1848 1247 1404 1101 1452 1138 1400 1316 1861 1163 1979 1808 1872 1592 1376 1424 1112 1789 1976 1342 1430 1235 1651 1249 1999 1994 1284 1647 1711 1258 1993 1310 1354 1622 1989 BCNSPRNW ULIB Ver.6.0+V

เปลี่ยนเป็นภาษาไทย

Change to English
 แสดงรายละเอียดบรรณานุกรม
  กลับหน้าหลัก

Brief Record : Get Marc (ISO 2709) : E-mail record : QR code < ปิดหน้าต่าง
LEADER : 00000nam 2200000uu 4500
001    13399120481
003     ULIB
008    120920s2552||||th 000 0 tha d
020    ^a9789749316474
060 04 ^aWB310^bพ698ก 2552
110 1  ^aสำนักงานคณะกรรมการสุขภาพแห่งชาติ
245 00 ^aก่อนวันผลัดใบ:หนังสือแสดงเจตนาการจากไปในวาระสุดท้าย /^c[บรรณาธิการ,ไพศาล ลิ้มสถิตย์,อภิราชย์ ขันธ์เสน]
250    ^aพิมพ์ครั้งที่ 2
260    ^a[กรุงเทพฯ] :^bสำนักงานคณะกรรมการสุขภาพแห่งชาติ,^c2552
300    ^a163 หน้า :^bภาพประกอบ.
500 สร ^aุปผลการสัมมนาข้อเสนอแนะและแนวปฏิบัติสมาคมเพื่อการวิจัยสเต็มเซลล์นานาชาติ คำแปลปฏิญญาเฮลซิงกิว่าด้วยหลักการจริยธรรมในการวิจัยทางการแพทย์ในมนุษย์ บทความกฎหมาย กฎหมายข้อบังคับที่เกี่ยวข้อง
650  7 ^aสเต็มเซลล์
700 0  ^aอภิราชย์ ขันธ์เสน,^eบรรณาธิการ
700 0  ^aไพศาล ลิ้มสถิตย์,^eบรรณาธิการ
710 2  ^aมหาวิทยาลัยธรรมศาสตร์. ^bคณะนิติศาสตร์.^bศูนย์กฎหมายสุขภาพและจริยศาสตร์
945    ^p0^l0^i16228
995    ^aกัณชพร
999 ^a ใช้งานได้ทุกระบบ
รายการนี้ยังไม่มีแท็ก
คุณยังไม่ได้ล็อกอิน คุณสามารถมีกิจกรรมร่วมกับเว็บไซต์ได้ แต่ต้องล็อกอินก่อน ::
  ล็อกอิน

รายการสื่อสารสนเทศ

ลำดับที่ ประเภท เลขเรียก/บาร์โค้ด สถานที่ สถานะ
1. วิทยาศาสตร์การแพทย์ และสุขภาพ
วิทยาศาสตร์การแพทย์ และสุขภาพ
สถานะ=หนังสือเก่า
WB310 พ698ก 2552  
  Barcode: 16228
ห้องสมุดวิทยาเขตนครสวรรค์
►ส่วนจัดเก็บหนังสือเก่า นว.
บนชั้น
  ขอยืม

รายการใกล้เคียง
    หัวเรื่อง [สเต็มเซลล์]

BibComment


ยังไม่เคยถูกคอมเมนท์

คอมเมนท์ทรัพยากรรายการนี้
  คอมเมนท์: ก่อนวันผลัดใบหนั..


 Copyright 2026. Bcnsprnw @Library